| 000 | 00499nam a2200181 4500 | ||
|---|---|---|---|
| 001 | 14439 | ||
| 005 | 20230410101949.0 | ||
| 008 | 060907n1997 dr spa | ||
| 020 | _a9768156546 | ||
| 035 | _9funglode14561 | ||
| 041 | _aES | ||
| 050 | 1 | 4 | _a118 F 1938.58 C212 1997 |
| 100 | _aMartínez, Carlos T. | ||
| 245 | 1 |
_aCaonabo Javier : _bperfil de un político / _cCarlos T. Martínez |
|
| 260 |
_aSanto Domingo : _bEdiciones CATEMAR, _c1997 |
||
| 300 | _a301 p. | ||
| 942 |
_2lcc _cbk |
||
| 999 |
_c16518 _d16518 |
||